Vivere bene. (Record no. 360633)
[ view plain ]
| 000 -LEADER | |
|---|---|
| campo di controllo lung. fissa | 01335nam a22002177a 4500 |
| 003 - Identificatore del numero di controllo | |
| campo di controllo | IT-MiCISF |
| 005 - Data e orario dell'ultima transazione | |
| campo di controllo | 20250929121335.0 |
| 008 - Elementi di lunghezza fissa--Informazione generale | |
| campo di controllo lung. fissa | 250929b |||||||| |||| 00| 0 eng d |
| 020 ## - ISBN (International Standard Book Number) | |
| ISBN (International Standard Book Number) | 9788892244528 |
| 040 ## - Fonte della catalogazione | |
| Agenzia che fa la trascrizione | IT-MiCISF |
| 100 ## - Accesso principale -- nome di persona | |
| Nome di persona | Garattini Silvio (et al.) |
| 9 (RLIN) | 62628 |
| 245 ## - Formulazione del titolo | |
| Titolo | Vivere bene. |
| Complemento del titolo | L'attività fisica cosa, come, quanto, quando...e perchè |
| 260 ## - Pubblicazione, distribuzione, ecc. (stampa) | |
| Luogo di pubblicazione, distribuzione, ecc. | Cinisello B. (MI), |
| Nome dell'editore, distributore, ecc. | San Paolo, |
| Data di pubblicazione, distribuzione, ecc. | 2024 |
| 300 ## - Descrizione fisica | |
| Estensione | pp. 203 |
| 500 ## - Nota generale | |
| Nota generale | salute, stile-di-vita, età-adulta, anziani, prevenzione, educazione-alla-salute |
| 520 ## - Riassunto, ecc. | |
| Nota di riassunto, ecc. | Si parla dei diversi tipi di attività fisica, delle giuste misure con cui praticare questa dimensione del vivere bene, dei suoi effetti sull’organismo e sulla mente, dell’apporto di un’alimentazione moderata e adeguata. Alcuni capitoli sono dedicati a fare il punto dei dati che rivelano qual è il rapporto tra gli italiani e l’attività fisica e a evidenziare i vantaggi di questa sana abitudine sulla prevenzione delle principali malattie e quindi sul risparmio che è possibile realizzare in termini di spesa sanitaria. Vivere bene è possibile, ecco spiegato come e perché. |
| 650 ## - Accesso aggiunto di soggetto--termine topico | |
| Termine topico o nome geografico come accesso | Salute-cura |
| 654 ## - Accesso aggiunto di soggetto--termini topici faccettati | |
| Termine principale | saggio |
| 700 ## - Accesso aggiunto--nome di persona | |
| Nome di persona | Raschitelli N., Mosconi P., Bosetti C., Banzi R., Pupillo E., Lucca U., Lugo A., Gallus S., Stival C. |
| 9 (RLIN) | 62637 |
| 942 ## - Dati aggiuntivi (Koha) | |
| Fonte della classificazione o dello schema di collocazione (segnatura) | Dewey Decimal Classification |
| Tipo copia default (Koha) | LIBRO |
| Ritirato (status) | Perso (status) | Fonte della classificazione o dello schema di collocazione (segnatura) | Danneggiato (status) | Non per il presito | Biblioteca proprietaria | Biblioteca in cui si trova | Data d'acquisizione | Totale prestiti | Collocazione | Codice a barre | Data ultima operazione | Prezzo in vigore dal | Tipo copia default (Koha) |
|---|---|---|---|---|---|---|---|---|---|---|---|---|---|
| Dewey Decimal Classification | Buone Condizioni | Not For Loan | CISF - Milano | CISF - Milano | 29/09/2025 | B7894 | 9788892244528 | 29/09/2025 | 29/09/2025 | LIBRO |